Noves fronteres i valors universals = New frontiers and universal values / Zygmunt Bauman ; traducció: Margarida Trias Margarida Trias
ISBN:
84-9803-100-1
Descripción Física:
44 p. ; 17 cm
Colección:
Breus CCCB
Otros Autores:
Trias, Margarida, tr
Materias:
Globalització -- Congressos
MARC
| LEADER | 00000nam a2200000Ia 4500 | ||
|---|---|---|---|
| 001 | 19665 | ||
| 008 | 160829s2006 xx 000 0 cat d | ||
| 020 | |a 84-9803-100-1 | ||
| 080 | |a FU-10-18 | ||
| 100 | |a Bauman, Zygmunt |9 2688 | ||
| 245 | |a Noves fronteres i valors universals = New frontiers and universal values / Zygmunt Bauman ; traducció: |b Margarida Trias | ||
| 260 | |a Barcelona : |b Centre de Cultura Contemporània de Barcelona, |c 2006 | ||
| 300 | |a 44 p. ; |c 17 cm | ||
| 490 | |a Breus CCCB | ||
| 590 | |a Text en català i anglès. | ||
| 590 | |a Aquesta conferència va tenir lloc al CCCB el 22 de març de 2004 dins del cicle 'Fronteres' | ||
| 650 | |a Globalització |x Congressos |9 44755 | ||
| 700 | |a Trias, Margarida, tr. |9 44749 | ||
| 710 | 2 | |a Centre de Cultura Contemporània de Barcelona |9 52510 | |
| 901 | |a Arxiu | ||
| 942 | |n 1 | ||
| 952 | |0 0 |1 0 |4 0 |6 FU1018 |7 1 |9 52153 |a Arxiu |b Arxiu |d 2016-12-01 |l 0 |o FU-10-18 |p 19665 |r 2016-12-01 00:00:00 |w 2016-12-01 |y ARXIU | ||
| 999 | |c 56001 |d 56001 | ||